[Event "NED-chT 1314"]
[Site "Netherlands"]
[Date "2014.04.12"]
[Round "8.9"]
[White "Van Kerkhof, David"]
[Black "Boer, Alef"]
[Result "1-0"]
[WhiteElo "2310"]
[BlackElo "2160"]
[PlyCount "51"]
[EventDate "2013.09.21"]
[EventType "team-tourn"]
[EventRounds "9"]
[EventCountry "NED"]
[SourceTitle "EXT 2015"]
[Source "ChessBase"]
[SourceDate "2014.11.20"]
[SourceVersion "1"]
[SourceVersionDate "2014.11.20"]
[SourceQuality "1"]
[WhiteTeam "Calder HMC"]
[BlackTeam "Groningen"]
[WhiteTeamCountry "NED"]
[BlackTeamCountry "NED"]

1. e4 Nf6 2. Nc3 e5 3. Nf3 Nc6 4. d4 Bb4 5. d5 Ne7 6. Nxe5 Nxe4 7. Qf3 f5 8. Bd2 Nxd2 9. Kxd2 0-0 10. d6 Bxd6 11. Bc4+ Kh8 12. Nf7+ Rxf7 13. Bxf7 Be5 14. Rae1 d6 15. Kc1 c6 16. h4 a5 17. a4 Ra6 18. h5 Qf8 19. Bb3 Qf6 20. g3 Bd7 21. Kb1 Ra8 22. Qe3 Qf8 23. h6 g6 24. f4 Bf6 25. Qb6 Qc8 26. Rxe7 1-0

[Event "Vienna op 18th"]
[Site "Vienna"]
[Date "2013.08.25"]
[Round "9"]
[White "Cherniaev, Alexander"]
[Black "Van Kerkhof, David"]
[Result "1-0"]
[WhiteElo "2451"]
[BlackElo "2290"]
[PlyCount "137"]
[EventDate "2013.08.17"]
[EventType "swiss"]
[EventRounds "9"]
[EventCountry "AUT"]
[SourceTitle "CBM 156 Extra"]
[Source "ChessBase"]
[SourceDate "2013.10.22"]
[SourceVersion "1"]
[SourceVersionDate "2013.10.22"]
[SourceQuality "1"]

1. Nf3 Nf6 2. c4 g6 3. Nc3 d5 4. Qa4+ Bd7 5. Qb3 dxc4 6. Qxc4 Bg7 7. e4 0-0 8. e5 Be6 9. exf6 Bxc4 10. fxg7 Kxg7 11. Bxc4 Nc6 12. d3 Na5 13. 0-0 a6 14. Be3 Rc8 15. Rfd1 b5 16. Bb3 c5 17. Ne4 Nxb3 18. axb3 Qd5 19. Rac1 c4 20. Nc3 Qb7 21. bxc4 bxc4 22. d4 Qxb2 23. Na4 Qb5 24. Nc5 Rfd8 25. Re1 Rd5 26. h4 f6 27. Ra1 c3 28. Reb1 Qc4 29. Kh2 c2 30. Rb6 a5 31. Rc1 a4 32. Rb2 Rdxc5 33. dxc5 a3 34. Rbxc2 Qb3 35. Rd2 e5 36. Ra1 Qc3 37. Rda2 Ra8 38. Rc1 Qb3 39. Rca1 Qc3 40. Rc1 Qb3 41. Rcc2 Kf7 42. Rd2 Ra4 43. g3 Ke8 44. Ne1 Rc4 45. Ra1 Ra4 46. Nd3 h5 47. Nc1 Qc4 48. Na2 g5 49. Rc1 Qg4 50. hxg5 h4 51. c6 hxg3+ 52. fxg3 Ra8 53. c7 e4 54. Rf2 Kd7 55. c8Q+ Rxc8 56. Rxc8 Kxc8 57. gxf6 Qh5+ 58. Kg2 Qf7 59. Nc3 Kd7 60. Bd4 Kc6 61. Nd1 Kd5 62. Ba1 Kc4 63. Ne3+ Kd3 64. Ng4 Qd5 65. f7 e3+ 66. Rf3 Qa2+ 67. Nf2+ Ke2 68. f8Q Qxa1 69. Ng4 1-0